[Event "AUT-chT2O 2223"]
[Site "Austria"]
[Date "2023.02.19"]
[Round "9"]
[White "Miazhynski, Yuri"]
[Black "Heiny, Michael"]
[Result "1-0"]
[WhiteElo "2171"]
[BlackElo "1998"]
[PlyCount "79"]
[EventDate "2022.10.15"]
[EventType "team-tourn"]
[EventRounds "11"]
[EventCountry "AUT"]
[SourceTitle "CBM 213 Extra"]
[Source "ChessBase"]
[SourceDate "2023.05.31"]
[SourceVersion "1"]
[SourceVersionDate "2023.05.31"]
[SourceQuality "1"]
[WhiteTeam "Kottingbrunn"]
[BlackTeam "Purbach/Donnerskirchen"]
[WhiteTeamCountry "AUT"]
[BlackTeamCountry "AUT"]

1. e4 e6 2. d4 d5 3. Nd2 dxe4 4. Nxe4 Bd7 5. Nf3 Bc6 6. Bd3 Nd7 7. 0-0 Ngf6 8. Qe2 Be7 9. Re1 0-0 10. Neg5 Bxf3 11. Nxf3 Nd5 12. c3 c5 13. a3 cxd4 14. Nxd4 Nc5 15. Bc2 Bg5 16. c4 Bxc1 17. Raxc1 Nf4 18. Qe3 Ng6 19. Rcd1 Qb6 20. b4 Na6 21. c5 Qc7 22. Nb5 Qc6 23. Nd6 Nc7 24. b5 Nxb5 25. Be4 Qd7 26. Bxb7 Rad8 27. c6 Qxd6 28. Rxd6 Rxd6 29. a4 Nc7 30. Qxa7 Rfd8 31. g3 Ne7 32. Rc1 h6 33. a5 Ned5 34. Rd1 Kf8 35. Qc5 Ke7 36. a6 Na8 37. a7 Ndc7 38. Rxd6 Rxd6 39. Bxa8 Nxa8 40. c7 1-0

[Event "AUT-chT2O 2223"]
[Site "Austria"]
[Date "2022.11.19"]
[Round "3.5"]
[White "Heiny, Michael"]
[Black "Alvir, Aco"]
[Result "0-1"]
[WhiteElo "1998"]
[BlackElo "2339"]
[PlyCount "90"]
[EventDate "2022.10.15"]
[EventType "team-tourn"]
[EventRounds "11"]
[EventCountry "AUT"]
[SourceTitle "CBM 213 Extra"]
[Source "ChessBase"]
[SourceDate "2023.05.31"]
[SourceVersion "1"]
[SourceVersionDate "2023.05.31"]
[SourceQuality "1"]
[WhiteTeam "Purbach/Donnerskirchen"]
[BlackTeam "Pamhagen"]
[WhiteTeamCountry "AUT"]
[BlackTeamCountry "AUT"]

1. d4 Nf6 2. c4 c5 3. d5 d6 4. Nc3 g6 5. e4 Bg7 6. Nf3 0-0 7. Bd3 e6 8. h3 exd5 9. cxd5 Na6 10. 0-0 Nd7 11. Bf4 Qe7 12. Nb5 Ne5 13. Nxe5 Bxe5 14. Bxe5 dxe5 15. Rc1 Bd7 16. Qe2 Bxb5 17. Bxb5 Nc7 18. Rfd1 Rfd8 19. a3 a6 20. Bd3 Ne8 21. Rc3 b5 22. b3 Nd6 23. Rdc1 Nb7 24. a4 c4 25. bxc4 b4 26. R3c2 Nc5 27. Ra2 a5 28. Rb1 Rab8 29. Qd1 b3 30. Rab2 Qd7 31. Ra1 Rb4 32. Ra3 Rdb8 33. f3 Rxa4 34. Raxb3 Nxb3 35. Rxb3 Qa7+ 36. Kh2 Rab4 37. Ra3 Qc5 38. Qg1 Qxg1+ 39. Kxg1 Rb3 40. Rxb3 Rxb3 41. Be2 Rc3 42. Kf2 a4 43. d6 Kf8 44. Ke1 a3 45. Kd2 a2 0-1

[Event "AUT-chT2O 1516"]
[Site "Austria"]
[Date "2016.04.02"]
[Round "9.6"]
[White "Heiny, Michael"]
[Black "Hechl, Gerald"]
[Result "0-1"]
[WhiteElo "2046"]
[BlackElo "2205"]
[PlyCount "62"]
[EventDate "2015.10.17"]
[EventType "team-tourn"]
[EventRounds "11"]
[EventCountry "AUT"]
[SourceTitle "EXT 2017"]
[Source "ChessBase"]
[SourceDate "2016.10.25"]
[SourceVersion "1"]
[SourceVersionDate "2016.10.25"]
[SourceQuality "1"]
[WhiteTeam "Purbach"]
[BlackTeam "Pressbaum"]
[WhiteTeamCountry "AUT"]
[BlackTeamCountry "AUT"]

1. d4 e6 2. c4 b6 3. Nc3 Bb7 4. e4 Bb4 5. Bd3 f5 6. Qc2 Nf6 7. Bg5 fxe4 8. Be2 c5 9. 0-0-0 cxd4 10. Rxd4 h6 11. Bh4 Bxc3 12. Qxc3 0-0 13. Nh3 Qe7 14. Rhd1 d5 15. cxd5 exd5 16. Kb1 g5 17. Nxg5 hxg5 18. Bxg5 Qg7 19. Qg3 Nbd7 20. Qh4 Qg6 21. Ka1 Rf7 22. f3 Nc5 23. fxe4 Ncxe4 24. Bxf6 Qxf6 25. Qg4+ Rg7 26. Qh5 Rg5 27. Qh4 Rc8 28. a3 Kg7 29. Bf3 Nd6 30. Bxd5 Nf5 31. Qf2 Nxd4 0-1

[Event "AUT-chT2O 1516"]
[Site "Austria"]
[Date "2016.03.06"]
[Round "8.5"]
[White "Trippold, Denise"]
[Black "Heiny, Michael"]
[Result "0-1"]
[WhiteElo "1982"]
[BlackElo "2046"]
[PlyCount "90"]
[EventDate "2015.10.17"]
[EventType "team-tourn"]
[EventRounds "11"]
[EventCountry "AUT"]
[SourceTitle "EXT 2017"]
[Source "ChessBase"]
[SourceDate "2016.10.25"]
[SourceVersion "1"]
[SourceVersionDate "2016.10.25"]
[SourceQuality "1"]
[WhiteTeam "Baden Invest"]
[BlackTeam "Purbach"]
[WhiteTeamCountry "AUT"]
[BlackTeamCountry "AUT"]

1. d4 Nf6 2. c4 g6 3. Nc3 Bg7 4. e4 d6 5. Nf3 0-0 6. h3 e5 7. d5 Nbd7 8. Be3 a5 9. g4 Nc5 10. Nd2 Ne8 11. h4 f5 12. gxf5 gxf5 13. Qe2 f4 14. Bxc5 dxc5 15. Bh3 Bxh3 16. Rxh3 Kh8 17. Nf3 Bf6 18. 0-0-0 Rg8 19. Rhh1 Nd6 20. Nb5 Qe7 21. h5 Rg2 22. Rdg1 Rag8 23. Rxg2 Rxg2 24. Qf1 Rg7 25. Nxd6 cxd6 26. Qh3 Qd7 27. h6 Rf7 28. Qh5 Rf8 29. Rg1 Rg8 30. Rxg8+ Kxg8 31. Ng5 Qe7 32. Ne6 Qf7 33. Qg4+ Qg6 34. f3 Qxg4 35. fxg4 Kf7 36. a3 Kg6 37. Kd2 Kxh6 38. Ke2 Kg6 39. Nf8+ Kf7 40. Ne6 Be7 41. Kf3 Kg6 42. a4 h5 43. gxh5+ Kxh5 44. Ng7+ Kg5 45. Ne6+ Kh4 0-1

[Event "AUT-chT2O 1213"]
[Site "Austria"]
[Date "2012.11.18"]
[Round "4.6"]
[White "Heiny, Michael"]
[Black "Bezuch, Martin"]
[Result "1/2-1/2"]
[WhiteElo "2090"]
[BlackElo "2291"]
[PlyCount "62"]
[EventDate "2012.10.06"]
[EventType "team-tourn"]
[EventRounds "11"]
[EventCountry "AUT"]
[SourceTitle "EXT 2014"]
[Source "ChessBase"]
[SourceDate "2013.11.20"]
[SourceVersion "1"]
[SourceVersionDate "2013.11.20"]
[SourceQuality "1"]
[WhiteTeam "Purbach"]
[BlackTeam "Pamhagen"]
[WhiteTeamCountry "AUT"]
[BlackTeamCountry "AUT"]

1. d4 g6 2. c4 Bg7 3. Nc3 d6 4. Nf3 Nd7 5. e4 e5 6. Be2 Ne7 7. d5 h6 8. 0-0 0-0 9. b4 f5 10. Ne1 Nf6 11. f3 f4 12. c5 g5 13. a4 h5 14. a5 Rf7 15. a6 b6 16. cxb6 cxb6 17. b5 g4 18. Ba3 Bf8 19. Nd3 Ng6 20. Rc1 g3 21. h3 Bxh3 22. gxh3 Qd7 23. Nf2 gxf2+ 24. Kxf2 Qxh3 25. Ke1 Rc8 26. Kd2 Rfc7 27. Rh1 Qd7 28. Qg1 Kh7 29. Qg5 Qf7 30. Bb4 Bh6 31. Qf5 Rd7 1/2-1/2

[Event "Oberwart op"]
[Site "Oberwart"]
[Date "2010.07.14"]
[Round "5"]
[White "Heiny, Michael"]
[Black "Klocker, Benedikt"]
[Result "1-0"]
[WhiteElo "2053"]
[BlackElo "2211"]
[PlyCount "71"]
[EventDate "2010.07.10"]
[EventType "swiss"]
[EventRounds "9"]
[EventCountry "AUT"]
[SourceTitle "CBM 137 Extra"]
[Source "ChessBase"]
[SourceDate "2010.09.01"]
[SourceVersion "1"]
[SourceVersionDate "2010.09.01"]
[SourceQuality "1"]

1. d4 Nf6 2. c4 g6 3. Nc3 Bg7 4. e4 d6 5. Nf3 0-0 6. Be2 e5 7. 0-0 Nc6 8. d5 Ne7 9. Ne1 Ne8 10. Be3 f5 11. f3 f4 12. Bf2 g5 13. c5 Rf7 14. cxd6 cxd6 15. Qb3 Bf8 16. Nb5 b6 17. Nxa7 Rxa7 18. Bxb6 Rc7 19. Nd3 Ng6 20. Rac1 g4 21. Bxc7 Nxc7 22. fxg4 Qg5 23. Qb6 Bxg4 24. Bxg4 Qxg4 25. Rxc7 Nh4 26. Ne1 Rf6 27. Qf2 Rg6 28. Kh1 Bh6 29. Nf3 Bg5 30. Nxh4 Bxh4 31. Qf3 Qg5 32. Qh3 Kh8 33. Qf3 Qh6 34. Qh3 Qg5 35. Rfc1 Bg3 36. Qxh7# 1-0

[Event "Oberwart op"]
[Site "Oberwart"]
[Date "2010.07.13"]
[Round "4"]
[White "Handler, Lukas"]
[Black "Heiny, Michael"]
[Result "1/2-1/2"]
[WhiteElo "2238"]
[BlackElo "2053"]
[PlyCount "83"]
[EventDate "2010.07.10"]
[EventType "swiss"]
[EventRounds "9"]
[EventCountry "AUT"]
[SourceTitle "CBM 137 Extra"]
[Source "ChessBase"]
[SourceDate "2010.09.01"]
[SourceVersion "1"]
[SourceVersionDate "2010.09.01"]
[SourceQuality "1"]

1. d4 Nf6 2. c4 g6 3. Nc3 Bg7 4. e4 d6 5. Nf3 0-0 6. h3 e5 7. d5 Na6 8. Be3 Nc5 9. Nd2 a5 10. Qc2 Ne8 11. g4 f5 12. gxf5 gxf5 13. 0-0-0 f4 14. Bxc5 dxc5 15. Be2 Ra6 16. Na4 Qe7 17. Bg4 Nf6 18. Rdg1 Nxg4 19. hxg4 f3 20. Nf1 Rg6 21. Ne3 Bh6 22. Qb3 Bxe3+ 23. Qxe3 Bxg4 24. Nxc5 b6 25. Ne6 Bxe6 26. Rxg6+ hxg6 27. Qh6 Qg7 28. dxe6 Qxh6+ 29. Rxh6 Kg7 30. Rh3 Rf6 31. Kd2 Rxe6 32. Rxf3 Rd6+ 33. Kc3 Rd4 34. Re3 g5 35. f3 Kf6 36. Re1 Kg6 37. Rg1 Rd7 38. a3 Rh7 39. Rg3 Rd7 40. c5 b5 41. Rg1 c6 42. b3 1/2-1/2

[Event "Oberwart op"]
[Site "Oberwart"]
[Date "2010.07.12"]
[Round "3"]
[White "Heiny, Michael"]
[Black "Stanetzek, Carsten"]
[Result "1/2-1/2"]
[WhiteElo "2053"]
[BlackElo "2248"]
[PlyCount "145"]
[EventDate "2010.07.10"]
[EventType "swiss"]
[EventRounds "9"]
[EventCountry "AUT"]
[SourceTitle "CBM 137 Extra"]
[Source "ChessBase"]
[SourceDate "2010.09.01"]
[SourceVersion "1"]
[SourceVersionDate "2010.09.01"]
[SourceQuality "1"]

1. d4 d5 2. c4 c6 3. Nc3 Nf6 4. e3 g6 5. Nf3 Bg7 6. cxd5 Nxd5 7. Bc4 0-0 8. 0-0 Nb6 9. Bb3 N8d7 10. e4 e5 11. Bg5 Qe8 12. d5 Nc5 13. Bc2 Bd7 14. b4 Na6 15. Rb1 h6 16. Be3 Nc4 17. Bc1 b5 18. Qe2 Nc7 19. dxc6 Bxc6 20. a4 Nd6 21. Rd1 Qe7 22. Be3 Rfd8 23. Bc5 a6 24. a5 Ne6 25. Bb6 Rd7 26. Bb3 Rc8 27. Nd5 Bxd5 28. Bxd5 Nc4 29. Bxe6 Qxe6 30. Rxd7 Qxd7 31. Rd1 Qc6 32. Rc1 Qd7 33. Rd1 Qe6 34. Bc5 Nxa5 35. Rd6 Qc4 36. Qxc4 bxc4 37. Rxa6 Nb3 38. Ra2 Nxc5 39. bxc5 Rxc5 40. Rc2 f5 41. Rc3 fxe4 42. Nd2 Rd5 43. Nf1 Rd4 44. Ne3 Kf7 45. Rxc4 Rxc4 46. Nxc4 Ke6 47. Kf1 Kd5 48. Nd2 h5 49. Ke2 Bh6 50. Nf1 Kd4 51. h4 Bf4 52. g3 Bc1 53. Nd2 Ba3 54. Nb3+ Kd5 55. Ke3 Bb2 56. Nd2 Bd4+ 57. Ke2 Bb6 58. Nf1 Ke6 59. Ne3 Bd4 60. Kd2 Bc5 61. Ke2 Be7 62. Nf1 g5 63. hxg5 Bxg5 64. Ne3 Be7 65. Kd2 Bc5 66. Ke2 Bd4 67. Kd2 Bxe3+ 68. Kxe3 Kd5 69. Ke2 Kd4 70. Kd2 e3+ 71. fxe3+ Ke4 72. Ke2 Kf5 73. Kf3 1/2-1/2

[Event "Oberwart op"]
[Site "Oberwart"]
[Date "2010.07.10"]
[Round "1"]
[White "Gergacz, Attila"]
[Black "Heiny, Michael"]
[Result "1-0"]
[WhiteElo "2429"]
[BlackElo "2053"]
[PlyCount "57"]
[EventDate "2010.07.10"]
[EventType "swiss"]
[EventRounds "9"]
[EventCountry "AUT"]
[SourceTitle "CBM 137 Extra"]
[Source "ChessBase"]
[SourceDate "2010.09.01"]
[SourceVersion "1"]
[SourceVersionDate "2010.09.01"]
[SourceQuality "1"]

1. e4 e6 2. d4 d5 3. Nd2 dxe4 4. Nxe4 Bd7 5. Nf3 Bc6 6. Bd3 Nd7 7. Qe2 Ngf6 8. Bd2 Nxe4 9. Bxe4 Bxe4 10. Qxe4 c6 11. 0-0 Be7 12. c4 0-0 13. Bc3 Bf6 14. Rfd1 Qc7 15. Rac1 Rfe8 16. Qg4 Rad8 17. Ng5 c5 18. Qh5 Bxg5 19. Qxg5 cxd4 20. Rxd4 f6 21. Qh5 e5 22. Rg4 Nf8 23. Qh4 Qd7 24. Re1 Ng6 25. Qg3 Qf5 26. Rge4 Nf4 27. Qe3 Qg6 28. Qf3 Rd3 29. Qxf4 1-0

[Event "AUT-ch U18"]
[Site "Imst"]
[Date "2008.03.18"]
[Round "3"]
[White "Froewis, Georg"]
[Black "Heiny, Michael"]
[Result "1-0"]
[WhiteElo "2223"]
[BlackElo "2016"]
[PlyCount "59"]
[EventDate "2008.03.17"]
[EventType "swiss"]
[EventRounds "7"]
[EventCountry "AUT"]
[SourceTitle "CBM 123 Extra"]
[Source "ChessBase"]
[SourceDate "2008.05.06"]
[SourceVersion "1"]
[SourceVersionDate "2008.05.06"]
[SourceQuality "1"]

1. e4 e6 2. d4 d5 3. Nc3 Nf6 4. e5 Nfd7 5. Nf3 c5 6. dxc5 Nc6 7. Bf4 Bxc5 8. Bd3 Qb6 9. 0-0 a6 10. a3 Qc7 11. Qe2 Nd4 12. Nxd4 Bxd4 13. Rae1 Bxc3 14. bxc3 Qxc3 15. Qg4 g6 16. Re3 Qc7 17. Qh3 Nc5 18. Qh6 Qe7 19. Bg5 Qf8 20. Qh4 Nd7 21. Bh6 Qe7 22. Qf4 Rg8 23. Bg5 Qf8 24. Rd1 Qg7 25. c4 dxc4 26. Bxc4 b6 27. Be2 Bb7 28. Bf3 Rb8 29. Rc3 f6 30. exf6 1-0

[Event "AUT-chT2O 0607"]
[Site "Austria"]
[Date "2006.10.07"]
[Round "2.5"]
[White "Sekyra, Michael"]
[Black "Heiny, Michael"]
[Result "1/2-1/2"]
[WhiteElo "2113"]
[BlackElo "1894"]
[PlyCount "46"]
[EventDate "2006.10.06"]
[EventType "team-tourn"]
[EventRounds "11"]
[EventCountry "AUT"]
[SourceTitle "EXT 2007"]
[Source "ChessBase"]
[SourceDate "2006.11.23"]
[SourceVersion "1"]
[SourceVersionDate "2006.11.23"]
[SourceQuality "1"]
[WhiteTeam "St Poelten"]
[BlackTeam "Wulkaprodersdorf"]
[WhiteTeamCountry "AUT"]
[BlackTeamCountry "AUT"]

1. e4 e6 2. d4 d5 3. Nc3 dxe4 4. Nxe4 Nd7 5. Nf3 Ngf6 6. Bd3 Nxe4 7. Bxe4 Nf6 8. Bg5 c5 9. 0-0 h6 10. Bxf6 Qxf6 11. c3 cxd4 12. Nxd4 Bc5 13. Nb3 Bb6 14. Qe2 0-0 15. Rad1 Rb8 16. Rd3 e5 17. Re1 Rd8 18. Rxd8+ Qxd8 19. Bc2 Qf6 20. a4 Bg4 21. Qf1 a6 22. Nd2 Rd8 23. Ne4 Qc6 1/2-1/2

[Event "AUT-chT2O 0607"]
[Site "Austria"]
[Date "2006.10.06"]
[Round "1.6"]
[White "Galavics, Hermann"]
[Black "Heiny, Michael"]
[Result "1-0"]
[WhiteElo "2098"]
[BlackElo "1894"]
[PlyCount "105"]
[EventDate "2006.10.06"]
[EventType "team-tourn"]
[EventRounds "11"]
[EventCountry "AUT"]
[SourceTitle "EXT 2007"]
[Source "ChessBase"]
[SourceDate "2006.11.23"]
[SourceVersion "1"]
[SourceVersionDate "2006.11.23"]
[SourceQuality "1"]
[WhiteTeam "Lackenbach"]
[BlackTeam "Wulkaprodersdorf"]
[WhiteTeamCountry "AUT"]
[BlackTeamCountry "AUT"]

1. d4 Nf6 2. c4 g6 3. Nc3 Bg7 4. e4 0-0 5. Bd3 d6 6. Nge2 e5 7. d5 Na6 8. 0-0 Nc5 9. Bc2 a5 10. f3 Bd7 11. Be3 b6 12. b3 Ne8 13. Qd2 f5 14. exf5 gxf5 15. f4 e4 16. Bd4 Nf6 17. Nd1 Qe8 18. Ne3 Qg6 19. a3 h6 20. b4 Nb7 21. Qc3 Rae8 22. Rab1 Kh7 23. Qe1 Ng4 24. Nxg4 Bxd4+ 25. Nxd4 Qxg4 26. Bd1 Qg6 27. Qe3 Rg8 28. Rf2 h5 29. Rc1 Kg7 30. Rc3 Kh6 31. Qh3 Qf7 32. Re3 axb4 33. axb4 Ra8 34. Ra3 Rxa3 35. Qxa3 Qf6 36. Nc2 Rb8 37. Qa7 Qd8 38. Ne3 Qc8 39. Ra2 Nd8 40. Qa3 Nf7 41. Qb2 Kg6 42. Qf2 Qh8 43. Qg3+ Kh6 44. Qh4 Kg6 45. Ra7 Rc8 46. h3 Qh6 47. Nf1 Qh8 48. Kh2 b5 49. c5 dxc5 50. bxc5 b4 51. Ng3 e3 52. Bxh5+ Kg7 53. c6 1-0

[Event "Oberwart op"]
[Site "Oberwart"]
[Date "2006.07.11"]
[Round "4"]
[White "Heiny, Michael"]
[Black "Dorjkhu, Tuvsinbajar"]
[Result "0-1"]
[WhiteElo "1935"]
[BlackElo "2083"]
[PlyCount "76"]
[EventDate "2006.07.08"]
[EventType "swiss"]
[EventRounds "9"]
[EventCountry "AUT"]
[SourceTitle "CBM 113 Extra"]
[Source "ChessBase"]
[SourceDate "2006.09.14"]
[SourceVersion "1"]
[SourceVersionDate "2006.09.14"]
[SourceQuality "1"]

1. d4 Nf6 2. c4 g6 3. Nc3 Bg7 4. e4 0-0 5. e5 Ne8 6. f4 d6 7. Nf3 Bg4 8. Be2 c5 9. dxc5 Nc6 10. cxd6 exd6 11. 0-0 Qb6+ 12. Kh1 dxe5 13. Nxe5 Rd8 14. Nd5 Bxe2 15. Qxe2 Qa6 16. Bd2 Rxd5 17. Nxc6 bxc6 18. Bb4 c5 19. Qc2 Rh5 20. g4 Rh4 21. Be1 Rxg4 22. Qe4 Nf6 23. Qf3 Bh6 24. Bg3 Qxc4 25. h3 Rxg3 26. Qxg3 Nh5 27. Qf3 Bxf4 28. Rg1 Be5 29. Qxh5 Qe4+ 30. Rg2 Qxg2+ 31. Kxg2 gxh5 32. Rc1 Bd4 33. b3 f5 34. Kf3 Kg7 35. Rc4 a5 36. Kf4 Kf6 37. Rc2 Rg8 38. Re2 h4 0-1

[Event "AUT-ch U16"]
[Site "Tschagguns"]
[Date "2006.04.11"]
[Round "4.5"]
[White "Heiny, Michael"]
[Black "Halvax, Georg"]
[Result "1/2-1/2"]
[WhiteElo "1935"]
[BlackElo "1969"]
[PlyCount "110"]
[EventDate "2006.04.09"]
[EventType "swiss"]
[EventRounds "7"]
[EventCountry "AUT"]
[SourceTitle "EXT 2024"]
[Source "ChessBase"]
[SourceDate "2023.10.10"]
[SourceVersion "1"]
[SourceVersionDate "2023.10.10"]
[SourceQuality "1"]

1. d4 d5 2. c4 e6 3. Nc3 Nf6 4. cxd5 exd5 5. Bg5 c6 6. Qc2 Be7 7. e3 Be6 8. Bd3 Nbd7 9. Nf3 Nb6 10. Ne5 Nfd7 11. Bf4 Nxe5 12. Bxe5 Bf6 13. Bg3 g6 14. 0-0 Bg7 15. Rab1 0-0 16. Ne2 Rc8 17. Rfc1 Qe7 18. Nf4 Nd7 19. Qa4 a6 20. Qa5 Rfe8 21. b4 g5 22. Nxe6 fxe6 23. a4 e5 24. dxe5 Bxe5 25. Bxe5 Nxe5 26. Bf1 Rf8 27. Rc2 Qf6 28. Rbb2 Ng4 29. Qc5 Rce8 30. Bd3 Qe5 31. g3 Re6 32. Bf1 Ref6 33. Re2 Rh6 34. h3 Nf6 35. Bg2 Ne4 36. Bxe4 Qxe4 37. Qd4 Qxd4 38. exd4 Rxh3 39. b5 axb5 40. axb5 Rh6 41. Re5 Rg6 42. Rc2 h6 43. Re7 Rf7 44. Re8+ Kg7 45. Rc8 cxb5 46. R8c5 Rd6 47. Rxb5 b6 48. Rcb2 Rff6 49. Re2 Kg6 50. Kg2 g4 51. Re3 Kg5 52. Re8 h5 53. Re3 Kg6 54. Re8 Rc6 55. Re2 Rcd6 1/2-1/2